00282nam a22000977a 4500082001400000100002800014245006700042260003800109300000700147650003000154 a297.4 BON aBonigala, Gnana Manohar aContribution of Baba Sharafuddin in Building Religious Harmony aHyderabadbHenry Martyn Institute a88 aSufism-Saints-Sharafuddin